| 000 | 00502nam a2200169 a 4500 | ||
|---|---|---|---|
| 001 | 5943 | ||
| 003 | CDMR | ||
| 005 | 20130416200139.0 | ||
| 008 | 130220s2008||||||||||||||||||||||||||||d | ||
| 040 |
_aCDMR _bcat _cCDMR |
||
| 100 | 1 |
_aGeli, Carles _9781 |
|
| 245 | 1 | 3 |
_aEl periodismo según Manuel Vázquez Montalbán _cCarles Geli i Marcel Mauri |
| 260 |
_aSant Boi de Llobregat _bRonsel _c2008 |
||
| 300 |
_a414 p ; _c22 cm |
||
| 600 | 1 |
_9766 _aVázquez Montalbán, Manuel _vRecull d'escrits |
|
| 942 |
_cMON _2udc |
||
| 999 |
_c5943 _d5943 |
||